000 00597nam a2200181Ia 4500
008 090124s9999 xx 000 0 und d
082 _b21520
_a363
100 _aदेशपांडे दि. य.
245 _a युक्तिवादाची उपकरणे
250 _a1
260 _c1976
300 _a75
600 _aदेशपांडे दि. य.
630 _a युक्तिवादाची उपकरणे
700 _aदेशपांडे दि. य.
730 _a युक्तिवादाची उपकरणे
942 _cBOOK
999 _c135180
_d135180